| 000 | 00450nam a2200169Ia 4500 | ||
|---|---|---|---|
| 008 | 230917s9999||||xx |||||||||||||| ||und|| | ||
| 020 | _cRS695 | ||
| 040 |
_e242237 _aMAIN |
||
| 041 | _aEnglish | ||
| 082 | _a910.02 H873P | ||
| 100 | _aHuggett, Richard | ||
| 245 | 0 | _aPhysical geography: The key concepts | |
| 260 |
_aLondon _bRoutledge _c2017 |
||
| 300 | _axiv, 210 p. | ||
| 500 | _a2875 19/09/2017 RK17/1963 03/10/2017 Main Budget | ||
| 942 | _cBK | ||
| 999 |
_c24048 _d24048 |
||